000 00616nam a2200205 a 4500
005 20220804082317.0
008 051018s1991 mx r 000 0 spa d
020 _a9580414822
035 _aUPN01000140700
049 _aCG
050 4 _aPR6013 R4.4
_bU4.7
100 1 _aGreene, Graham,
_d1904-1991
_928382
245 1 3 _aLa última palabra :
_by otros relatos /
_cGraham Greene ; tr. Carlos José Restrepo.
260 _aSanta Fe de Bogotá :
_bNorma,
_c1991.
300 _a201 p.
440 3 _aLa otra orilla
534 _pTraducción de:
_tthe Last Word
650 0 _aCuentos ingleses
_913122
905 _aLibro
999 _c112848
_d112848